[Event "Barcelona GM 2017"]
[Site "Barcelona ESP"]
[Date "2017.11.09"]
[Round "1.1"]
[White "Asis Gargatagli, Hipolito"]
[Black "Alonso Rosell, Alvar"]
[Result "1-0"]
[WhiteTitle "IM"]
[BlackTitle "GM"]
[WhiteElo "2520"]
[BlackElo "2530"]
[WhiteFideId "2260735"]
[BlackFideId "2270544"]
[EventDate "2017.11.09"]

1. e4 e6 2. d4 d5 3. Nc3 Nf6 4. Bg5 dxe4 5. Nxe4 Be7 6. Bxf6 Bxf6 7. Nf3 Nd7 8.
Bc4 O-O 9. Qe2 Be7 10. O-O-O c6 11. h4 a5 12. Neg5 Nb6 13. Qd3 g6 14. Nxh7 Kxh7
15. h5 Kg7 16. hxg6 fxg6 17. Ne5 Rf5 18. Nxg6 Bg5+ 19. f4 Nxc4 20. Qh3 Qg8 21.
fxg5 Kf7 22. g4 Qxg6 23. gxf5 Qxg5+ 24. Kb1 Ke7 25. Qh8 Kd6 26. Rdg1 Qxf5 27.
Qd8+ Bd7 28. Qxa8 Kc7 29. Rh8 Qf6 30. Qb8+ Kb6 31. Qd8+ 1-0

[Event "Barcelona GM 2017"]
[Site "Barcelona ESP"]
[Date "2017.11.09"]
[Round "1.2"]
[White "Grigoryan, Karen H."]
[Black "Munoz, Miguel"]
[Result "1-0"]
[WhiteTitle "GM"]
[BlackTitle "GM"]
[WhiteElo "2584"]
[BlackElo "2494"]
[WhiteFideId "13301004"]
[BlackFideId "3800229"]
[EventDate "2017.11.09"]

1. d4 Nf6 2. Nf3 c5 3. d5 b5 4. Bg5 Bb7 5. Bxf6 exf6 6. e4 a6 7. a4 b4 8. Nbd2
a5 9. Bb5 Bd6 10. Nc4 Qe7 11. O-O O-O 12. Qd3 Be5 13. Nfxe5 fxe5 14. f4 exf4 15.
e5 Nc6 16. Rae1 Nd4 17. c3 bxc3 18. bxc3 Nxb5 19. axb5 f6 20. e6 dxe6 21. Rxe6
Qd8 22. Nb6 Ra7 23. Qc4 Bc8 24. Rc6 1-0

[Event "Barcelona GM 2017"]
[Site "Barcelona ESP"]
[Date "2017.11.09"]
[Round "1.3"]
[White "Peralta, Fernando"]
[Black "Fressinet, Laurent"]
[Result "0-1"]
[WhiteTitle "GM"]
[BlackTitle "GM"]
[WhiteElo "2551"]
[BlackElo "2667"]
[WhiteFideId "105309"]
[BlackFideId "608742"]
[EventDate "2017.11.09"]

1. d4 d5 2. c4 c6 3. Nf3 Nf6 4. Nc3 e6 5. e3 Nbd7 6. Bd3 dxc4 7. Bxc4 b5 8. Bd3
Bd6 9. b3 O-O 10. Bb2 Bb7 11. Rc1 Rc8 12. O-O Re8 13. Ne4 Nxe4 14. Bxe4 Nf6 15.
Bd3 a6 16. Qe2 c5 17. dxc5 Bxc5 18. Rfd1 Qe7 19. a4 bxa4 20. bxa4 a5 21. Bb5
Red8 22. Rxd8+ Rxd8 23. Nd4 h6 24. h3 Ne4 25. Qg4 Qf6 26. Rc2 e5 27. Nf5 g6 28.
Nxh6+ Kg7 29. Qf3 Qxf3 30. gxf3 Ng5 31. Bxe5+ Kxh6 32. Bf4 Rd1+ 33. Kh2 Bd6 34.
Be2 Bxf4+ 0-1

[Event "Barcelona GM 2017"]
[Site "Barcelona ESP"]
[Date "2017.11.09"]
[Round "1.4"]
[White "Gomez Garrido, Camilo Ernesto"]
[Black "Gledura, Benjamin"]
[Result "1/2-1/2"]
[WhiteTitle "GM"]
[BlackTitle "GM"]
[WhiteElo "2524"]
[BlackElo "2605"]
[WhiteFideId "3507904"]
[BlackFideId "712779"]
[EventDate "2017.11.09"]

1. e4 e5 2. Nf3 Nc6 3. Bb5 a6 4. Ba4 Nf6 5. O-O Be7 6. Re1 b5 7. Bb3 d6 8. c3
O-O 9. h3 Bb7 10. d4 Re8 11. Ng5 Rf8 12. Nf3 Re8 13. Nbd2 exd4 14. cxd4 Nd7 15.
Nf1 Na5 16. Bc2 Bf6 17. Ne3 Bxe4 18. Bd2 Bxc2 19. Qxc2 c5 20. Nd5 Rxe1+ 21. Rxe1
Nc6 22. Nxf6+ Nxf6 23. dxc5 dxc5 24. Qxc5 Qd5 25. Qb6 h6 26. Bc3 Nd7 27. Qc7 b4
28. Bd2 a5 29. b3 Nf6 30. Rc1 Nd4 31. Nxd4 Qxd4 32. Be3 Qe4 33. Qg3 Kh7 34. Kh2
Qe6 35. Rc4 Rd8 36. Bd4 Rd5 37. Bxf6 Qxf6 38. Rf4 Qe6 39. Qf3 Qe5 40. g3 f5 41.
h4 Rc5 42. Qd3 Rd5 1/2-1/2

[Event "Barcelona GM 2017"]
[Site "Barcelona ESP"]
[Date "2017.11.09"]
[Round "1.5"]
[White "Vasquez Schroeder, Rodrigo"]
[Black "Vocaturo, Daniele"]
[Result "0-1"]
[WhiteTitle "GM"]
[BlackTitle "GM"]
[WhiteElo "2555"]
[BlackElo "2598"]
[WhiteFideId "3400042"]
[BlackFideId "813192"]
[EventDate "2017.11.09"]

1. d4 d5 2. c4 c6 3. cxd5 cxd5 4. Nc3 Nf6 5. Bf4 Nc6 6. e3 Bf5 7. Nf3 e6 8. Qb3
Bb4 9. Ne5 Bxc3+ 10. bxc3 Nxe5 11. Bxe5 O-O 12. Qxb7 Rc8 13. Ba6 Rxc3 14. O-O
Ne4 15. Rac1 Rxc1 16. Rxc1 Qa5 17. Rf1 h5 18. h4 Qxa2 19. Bb8 f6 20. Bxa7 Rf7
21. Qb6 Kh7 22. Bb8 Nd2 23. Rc1 Nc4 24. Bxc4 Qd2 25. Rf1 dxc4 26. e4 Bg6 27.
Qxe6 Rb7 28. Qc8 Bxe4 29. Bg3 c3 30. f3 Rb2 31. Rf2 Qe1+ 32. Kh2 Rxf2 33. Bxf2
Qxf2 34. fxe4 c2 35. Qc5 Qxh4+ 36. Kg1 Qe1+ 37. Kh2 c1=Q 0-1

[Event "Barcelona GM 2017"]
[Site "Barcelona ESP"]
[Date "2017.11.10"]
[Round "2.1"]
[White "Asis Gargatagli, Hipolito"]
[Black "Grigoryan, Karen H."]
[Result "1/2-1/2"]
[WhiteTitle "IM"]
[BlackTitle "GM"]
[WhiteElo "2520"]
[BlackElo "2584"]
[WhiteFideId "2260735"]
[BlackFideId "13301004"]
[EventDate "2017.11.09"]

1. e4 e5 2. Nf3 Nc6 3. Bc4 Bc5 4. c3 Nf6 5. d3 O-O 6. a4 a5 7. Bg5 h6 8. Bh4 Be7
9. Nbd2 d6 10. Bg3 Nd7 11. Nf1 Nb6 12. Bb3 Be6 13. Ne3 Bf6 14. O-O Qd7 15. Re1
g6 16. Bc2 h5 17. h3 Bg7 18. d4 exd4 19. cxd4 d5 20. Rc1 Bh6 21. Bb1 Rae8 22. e5
Nc4 23. b3 Nxe3 24. fxe3 Nb4 25. Nh4 Qe7 26. Qf3 b6 27. Re2 c5 28. Rf1 cxd4 29.
exd4 Nc6 30. Rd1 Nb4 31. Bf4 Bg5 32. Bxg5 Qxg5 33. Qf2 Rc8 34. Re3 Kh8 35. Rf1
Rg8 36. Kh2 Rc7 37. Rf3 Rc1 38. g3 Rxf1 39. Qxf1 Qd2+ 40. Qf2 Qxf2+ 41. Rxf2 Nc6 1/2-1/2

[Event "Barcelona GM 2017"]
[Site "Barcelona ESP"]
[Date "2017.11.10"]
[Round "2.2"]
[White "Gledura, Benjamin"]
[Black "Vasquez Schroeder, Rodrigo"]
[Result "1-0"]
[WhiteTitle "GM"]
[BlackTitle "GM"]
[WhiteElo "2605"]
[BlackElo "2555"]
[WhiteFideId "712779"]
[BlackFideId "3400042"]
[EventDate "2017.11.09"]

1. e4 c5 2. Nf3 d6 3. d4 cxd4 4. Nxd4 Nf6 5. Nc3 a6 6. h3 e6 7. g4 h6 8. Bg2 g5
9. b3 Nbd7 10. Bb2 Ne5 11. Qd2 Nfd7 12. O-O-O b5 13. Nce2 Bb7 14. Kb1 Qc7 15. f4
gxf4 16. Nxf4 Nc5 17. Rhf1 O-O-O 18. Qe2 Kb8 19. Nf3 Ncd7 20. Rf2 Rh7 21. Rdf1
Be7 22. Nd3 Ng6 23. e5 d5 24. h4 Nc5 25. h5 Nxd3 26. Qxd3 Nf8 27. Nd4 Bc5 28.
Rf6 Rc8 29. R1f2 Rg7 30. Bf1 Rxg4 31. Rxf7 Qb6 32. R2f4 Rxf4 33. Rxf4 Qc7 34.
Bh3 Re8 35. Rf6 Qg7 36. Nxe6 Nxe6 37. Bxe6 Qg1+ 38. Rf1 Qg2 39. Bf7 Rd8 40. e6
d4 41. Re1 Qg5 42. Bc1 Qh4 43. Bd2 1-0

[Event "Barcelona GM 2017"]
[Site "Barcelona ESP"]
[Date "2017.11.10"]
[Round "2.3"]
[White "Alonso Rosell, Alvar"]
[Black "Vocaturo, Daniele"]
[Result "1/2-1/2"]
[WhiteTitle "GM"]
[BlackTitle "GM"]
[WhiteElo "2530"]
[BlackElo "2598"]
[WhiteFideId "2270544"]
[BlackFideId "813192"]
[EventDate "2017.11.09"]

1. d4 Nf6 2. Nf3 e6 3. e3 d5 4. Bd3 c5 5. b3 Nc6 6. O-O Bd6 7. Bb2 O-O 8. Nbd2
b6 9. c4 Bb7 10. Qe2 cxd4 11. exd4 Nh5 12. g3 g6 13. Rac1 Re8 14. Rfd1 Bf8 15.
Nf1 dxc4 16. bxc4 Ng7 17. Ne3 Nb4 18. Bb1 Nf5 19. d5 Nxe3 20. Qxe3 exd5 21. Qd4
f6 22. a3 Nc6 23. Qxd5+ Qxd5 24. cxd5 Na5 25. Bxf6 Bd6 26. Ba2 Re2 27. Rd2 Rae8
28. Bg5 Kg7 29. Be3 Rxd2 30. Bxd2 Bxa3 31. Rc3 Bd6 32. Nd4 Bc8 33. Nb5 Be5 34.
Re3 Bd7 35. Nxa7 Bd4 36. Rxe8 Bxe8 37. Nc8 Nb7 38. Ne7 Nd8 39. Bf4 Bc5 40. Nc8
Nf7 41. Bc7 1/2-1/2

[Event "Barcelona GM 2017"]
[Site "Barcelona ESP"]
[Date "2017.11.10"]
[Round "2.4"]
[White "Munoz, Miguel"]
[Black "Peralta, Fernando"]
[Result "1/2-1/2"]
[WhiteTitle "GM"]
[BlackTitle "GM"]
[WhiteElo "2494"]
[BlackElo "2551"]
[WhiteFideId "3800229"]
[BlackFideId "105309"]
[EventDate "2017.11.09"]

1. e4 e6 2. g3 d5 3. exd5 exd5 4. Bg2 Nf6 5. d3 Bd6 6. Ne2 O-O 7. O-O Re8 8. h3
Nbd7 9. c4 dxc4 10. dxc4 Ne5 11. Qc2 Bc5 12. Nf4 Nc6 13. Nc3 Nb4 14. Qd1 Bf5 15.
a3 Nd3 16. Nxd3 Qxd3 17. Qxd3 Bxd3 18. Rd1 Bc2 19. Rf1 Bd3 20. Rd1 Bxc4 21. b4
Bb3 22. Rd2 Re1+ 23. Kh2 Bd6 24. Bxb7 Rd8 25. Rd3 Bc4 26. Re3 Re8 27. Rb1 a6 28.
Rxe1 Rxe1 29. Be3 Rxb1 30. Nxb1 Be5 31. Nd2 Bb5 32. Nb3 Bb2 33. a4 Bxa4 34. Nc5
Bb5 35. Nxa6 Nd5 36. Bxd5 Bxa6 37. Bc6 Be5 38. f4 Bd6 39. b5 Bc8 40. b6 cxb6 41.
Bxb6 Kf8 1/2-1/2

[Event "Barcelona GM 2017"]
[Site "Barcelona ESP"]
[Date "2017.11.10"]
[Round "2.5"]
[White "Fressinet, Laurent"]
[Black "Gomez Garrido, Camilo Ernesto"]
[Result "1/2-1/2"]
[WhiteTitle "GM"]
[BlackTitle "GM"]
[WhiteElo "2667"]
[BlackElo "2524"]
[WhiteFideId "608742"]
[BlackFideId "3507904"]
[EventDate "2017.11.09"]

1. d4 d5 2. Nf3 c6 3. c4 Nf6 4. e3 a6 5. Nc3 e6 6. c5 Nbd7 7. Qc2 e5 8. dxe5 Ng4
9. Na4 Ngxe5 10. Nxe5 Nxe5 11. Bd2 Qf6 12. Bc3 Qe6 13. O-O-O Be7 14. Nb6 Rb8 15.
e4 dxe4 16. Nxc8 Rxc8 17. Qxe4 Nd7 18. Qxe6 fxe6 19. Bc4 Nxc5 20. Rhe1 b5 21.
Bxe6 Nxe6 22. Rxe6 Kf7 23. Rde1 Rhe8 24. f4 Bf8 25. f5 Red8 26. g4 Rd5 27. Rd1
Rxd1+ 28. Kxd1 Rd8+ 29. Ke2 Rd6 30. Rxd6 Bxd6 31. h3 g6 32. fxg6+ hxg6 33. h4
Ke6 34. Kf3 Be7 35. Be1 c5 36. Ke4 c4 37. h5 gxh5 38. gxh5 Bf8 39. Bd2 Bg7 40.
Bc1 a5 41. h6 Bh8 42. h7 Kf7 43. Kd5 Kg6 44. Kc5 Kxh7 45. Kxb5 c3 46. b3 Bg7 47.
Kxa5 Bh6 48. Ba3 Kg6 49. b4 Bf8 50. Ka4 c2 51. Bb2 Bh6 52. b5 Be3 53. Ka5 Kf5
54. b6 Ke6 55. Ka6 Kd5 56. b7 Bf4 57. Ka7 Kc4 58. b8=Q Bxb8+ 59. Kxb8 Kb5 60.
Kb7 Ka5 61. Bc1 Kb5 62. Kc7 Ka6 63. Be3 c1=Q+ 64. Bxc1 Ka7 65. Be3+ Ka8 66. Bd4 1/2-1/2

[Event "Barcelona GM 2017"]
[Site "Barcelona ESP"]
[Date "2017.11.11"]
[Round "3.1"]
[White "Vocaturo, Daniele"]
[Black "Gledura, Benjamin"]
[Result "0-1"]
[WhiteTitle "GM"]
[BlackTitle "GM"]
[WhiteElo "2598"]
[BlackElo "2605"]
[WhiteFideId "813192"]
[BlackFideId "712779"]
[EventDate "2017.11.09"]

1. e4 e5 2. Nf3 Nc6 3. d4 exd4 4. Bc4 Nf6 5. e5 d5 6. Bb5 Ne4 7. Nxd4 Bd7 8.
Bxc6 bxc6 9. O-O Be7 10. f3 Nc5 11. f4 O-O 12. f5 Ne4 13. Nb3 Re8 14. N1d2 Bf8
15. Nxe4 dxe4 16. Qd4 Bc8 17. Qc3 Qd5 18. Bf4 Bxf5 19. Rad1 Qb5 20. Rd4 c5 21.
Rc4 Be6 22. Rxe4 Rab8 23. Bc1 Qc6 24. Ref4 Bd5 25. R1f2 Rb4 26. a3 Rxf4 27. Bxf4
c4 28. Nd2 Re6 29. Be3 Rg6 30. g3 h5 31. Kf1 Qe6 32. Ke1 Be7 33. Kd1 h4 34. Nf1
Rg4 35. Bxa7 c5 36. Kc1 Rd4 37. Kb1 Qxe5 38. Ne3 Be6 39. Rf4 Bf6 40. Bb6 hxg3
41. hxg3 Qd6 42. Rxf6 gxf6 43. Ba5 Qxg3 44. Bb6 Qd6 45. Ba5 f5 46. Ng2 f4 47.
Nh4 Rd1+ 48. Ka2 Qd4 49. Nf3 Qxc3 50. Bxc3 Bd5 51. Ne5 f5 0-1

[Event "Barcelona GM 2017"]
[Site "Barcelona ESP"]
[Date "2017.11.11"]
[Round "3.3"]
[White "Peralta, Fernando"]
[Black "Asis Gargatagli, Hipolito"]
[Result "1/2-1/2"]
[WhiteTitle "GM"]
[BlackTitle "IM"]
[WhiteElo "2551"]
[BlackElo "2520"]
[WhiteFideId "105309"]
[BlackFideId "2260735"]
[EventDate "2017.11.09"]

1. d4 Nf6 2. c4 e6 3. Nf3 d5 4. Nc3 dxc4 5. e4 Bb4 6. Bxc4 Nxe4 7. O-O Nxc3 8.
bxc3 Bd6 9. Bg5 Be7 10. Bf4 O-O 11. Qc2 Nd7 12. Rfe1 b6 13. Bd3 g6 14. Be4 Rb8
15. Rad1 Bb7 16. d5 exd5 17. Bxd5 Bxd5 18. Rxd5 Bd6 19. Bxd6 cxd6 20. Rxd6 Qc7
21. Red1 Nc5 22. c4 Rbd8 23. R6d5 Ne6 24. Qa4 Nc5 25. Qc2 Ne6 26. Qa4 Nc5 27.
Qc2 1/2-1/2

[Event "Barcelona GM 2017"]
[Site "Barcelona ESP"]
[Date "2017.11.11"]
[Round "3.4"]
[White "Grigoryan, Karen H."]
[Black "Alonso Rosell, Alvar"]
[Result "1-0"]
[WhiteTitle "GM"]
[BlackTitle "GM"]
[WhiteElo "2584"]
[BlackElo "2530"]
[WhiteFideId "13301004"]
[BlackFideId "2270544"]
[EventDate "2017.11.09"]

1. Nf3 e6 2. g3 f5 3. Bg2 Nf6 4. O-O Be7 5. c4 O-O 6. Nc3 Nc6 7. d4 Ne4 8. Bd2
d5 9. e3 a5 10. Qb3 a4 11. Nxa4 g5 12. Be1 g4 13. Nh4 Bxh4 14. gxh4 Na5 15. Bxa5
Rxa5 16. cxd5 exd5 17. Nc5 Rf6 18. Nxe4 fxe4 19. Bxe4 Rh6 20. f4 Rb6 21. Qc3
Rab5 22. Bg2 Rxb2 23. f5 Re2 24. f6 Rxf6 25. Rxf6 Qxf6 26. Rf1 Qd6 27. e4 Be6
28. e5 Qe7 29. h5 c5 30. h6 cxd4 31. Qxd4 b6 32. Bxd5 1-0

[Event "Barcelona GM 2017"]
[Site "Barcelona ESP"]
[Date "2017.11.11"]
[Round "3.5"]
[White "Gomez Garrido, Camilo Ernesto"]
[Black "Munoz, Miguel"]
[Result "1/2-1/2"]
[WhiteTitle "GM"]
[BlackTitle "GM"]
[WhiteElo "2524"]
[BlackElo "2494"]
[WhiteFideId "3507904"]
[BlackFideId "3800229"]
[EventDate "2017.11.09"]

1. e4 d5 2. exd5 Qxd5 3. Nc3 Qa5 4. d4 Nf6 5. Nf3 Bg4 6. h3 Bxf3 7. Qxf3 c6 8.
Bd3 e6 9. O-O Bd6 10. Bd2 Qc7 11. Nd1 Nbd7 12. Ne3 Bf4 13. g3 Bd6 14. Nc4 O-O
15. c3 Rfe8 16. Rfe1 e5 17. dxe5 Nxe5 18. Nxe5 Bxe5 19. Bg5 Qd7 20. Bf5 Qc7 21.
Rad1 Nd5 22. c4 Nb6 23. b3 g6 24. Bc2 Nd7 25. h4 Nf8 26. h5 Ne6 27. Be3 Qa5 28.
hxg6 hxg6 29. Qg4 Nf8 30. Bb1 Bc3 31. Rf1 Re6 32. Kg2 Rae8 33. Rh1 Bg7 34. Bd4
Bxd4 35. Qxd4 Re5 36. Qf4 Rh5 37. b4 Qe5 38. Rxh5 Qxh5 39. Rh1 Qe5 40. Qxe5 Rxe5
41. Bd3 c5 42. a3 1/2-1/2

[Event "Barcelona GM 2017"]
[Site "Barcelona ESP"]
[Date "2017.11.12"]
[Round "4.1"]
[White "Grigoryan, Karen H."]
[Black "Peralta, Fernando"]
[Result "0-1"]
[WhiteTitle "GM"]
[BlackTitle "GM"]
[WhiteElo "2584"]
[BlackElo "2551"]
[WhiteFideId "13301004"]
[BlackFideId "105309"]
[EventDate "2017.11.09"]

1. Nf3 d5 2. g3 c5 3. Bg2 Nc6 4. d4 Nf6 5. O-O cxd4 6. Nxd4 e5 7. Nxc6 bxc6 8.
c4 Be6 9. Qa4 Qd7 10. cxd5 cxd5 11. Qxd7+ Kxd7 12. Rd1 Bc5 13. Nc3 Rac8 14. Bg5
Ng4 15. e3 h6 16. h3 Nxf2 17. Kxf2 hxg5 18. Bxd5 Bxd5 19. Nxd5 Bd6 20. Kf3 Rxh3
21. Kg4 Rh2 22. b3 Ke6 23. e4 Re2 24. Re1 Rxe1 25. Rxe1 f5+ 26. Kxg5 fxe4 27.
Ne3 Bb4 28. Re2 Rc3 29. Nf5 Kd5 30. Kg4 g6 31. Nh4 Kd4 32. Nxg6 Kd3 33. Rh2 Bd6
34. Rh1 e3 35. Rd1+ Kc2 36. Rh1 e2 37. Nh4 Kd2 38. Nf3+ Ke3 39. Nh4 Kd2 40. Nf3+
Ke3 41. Nh4 Rd3 42. Nf5+ Kd2 0-1

[Event "Barcelona GM 2017"]
[Site "Barcelona ESP"]
[Date "2017.11.12"]
[Round "4.2"]
[White "Alonso Rosell, Alvar"]
[Black "Gledura, Benjamin"]
[Result "1/2-1/2"]
[WhiteTitle "GM"]
[BlackTitle "GM"]
[WhiteElo "2530"]
[BlackElo "2605"]
[WhiteFideId "2270544"]
[BlackFideId "712779"]
[EventDate "2017.11.09"]

1. d4 Nf6 2. c4 g6 3. Nc3 d5 4. cxd5 Nxd5 5. e4 Nxc3 6. bxc3 Bg7 7. Qa4+ Nd7 8.
Nf3 O-O 9. Be2 c5 10. O-O Nf6 11. Qc2 b6 12. Be3 cxd4 13. cxd4 Bb7 14. d5 Qc8
15. Qd3 e6 16. Rac1 Qd8 17. dxe6 Qxd3 18. Bxd3 Bxe4 19. exf7+ Rxf7 20. Bc4 Bd5
21. Rfd1 Bxc4 22. Rxc4 Re8 23. a4 Re4 24. Rxe4 Nxe4 25. Rd8+ Rf8 26. Rd7 Rf7 27.
Rd8+ Rf8 28. Rd7 Rf7 29. Rd8+ 1/2-1/2

[Event "Barcelona GM 2017"]
[Site "Barcelona ESP"]
[Date "2017.11.12"]
[Round "4.4"]
[White "Asis Gargatagli, Hipolito"]
[Black "Gomez Garrido, Camilo Ernesto"]
[Result "1-0"]
[WhiteTitle "IM"]
[BlackTitle "GM"]
[WhiteElo "2520"]
[BlackElo "2524"]
[WhiteFideId "2260735"]
[BlackFideId "3507904"]
[EventDate "2017.11.09"]

1. e4 e5 2. Nf3 Nc6 3. Bc4 Bc5 4. c3 Nf6 5. d3 a6 6. a4 Ba7 7. Bg5 h6 8. Bh4 d6
9. Nbd2 g5 10. Bg3 Nh5 11. Nxe5 Nxg3 12. Bxf7+ Kf8 13. Ng6+ Kxf7 14. Nxh8+ Qxh8
15. hxg3 Qf6 16. d4 Kg7 17. Qe2 Bd7 18. O-O-O b5 19. f4 bxa4 20. Rdf1 a3 21.
bxa3 Nxd4 22. cxd4 Bb5 23. e5 dxe5 24. Qe4 Re8 25. fxe5 Qe7 26. Rf3 Rd8 27. Rxh6
Kxh6 28. Rf6+ Qxf6 29. exf6 Bxd4 30. f7 Bf6 31. Qe6 Kg7 32. Ne4 Ba1 33. Qe7 Rf8
34. Kb1 Bd4 35. Qxg5+ Kh7 36. Qh5+ Kg7 37. Qg4+ Kh6 38. Qg5+ Kh7 39. Qf5+ Kg7
40. Ng5 Bc4 41. Qh7+ Kf6 42. Qh6+ Ke7 43. Qh4 Bd3+ 44. Kc1 Be3+ 45. Kd1 Bxg5 46.
Qxg5+ Kxf7 47. Qd5+ Ke7 48. Qxd3 Rd8 49. Kc2 Rxd3 50. Kxd3 a5 51. Kc4 Kd6 52. a4
Ke6 53. Kc5 Ke5 54. Kc6 Kd4 55. g4 Ke5 56. Kxc7 1-0

[Event "Barcelona GM 2017"]
[Site "Barcelona ESP"]
[Date "2017.11.12"]
[Round "4.5"]
[White "Fressinet, Laurent"]
[Black "Vocaturo, Daniele"]
[Result "1/2-1/2"]
[WhiteTitle "GM"]
[BlackTitle "GM"]
[WhiteElo "2667"]
[BlackElo "2598"]
[WhiteFideId "608742"]
[BlackFideId "813192"]
[EventDate "2017.11.09"]

1. Nf3 Nf6 2. g3 g6 3. Bg2 Bg7 4. c4 O-O 5. Nc3 d6 6. d4 c6 7. O-O Bf5 8. Ne1
Be6 9. d5 cxd5 10. cxd5 Bd7 11. Nd3 Na6 12. a4 Qa5 13. Bd2 Rfc8 14. Nb5 Qd8 15.
Qb3 Ng4 16. Rfc1 Ne5 17. Rxc8 Bxc8 18. Nxe5 Nc5 19. Qa3 Bxe5 20. Be3 Bd7 21.
Bxc5 dxc5 22. Qxc5 Bxb2 23. Rb1 Be5 24. Qe3 Bf5 25. Be4 Qd7 26. Bxf5 Qxf5 27.
Rc1 Bb2 28. Rc7 a6 29. Nc3 Bxc3 30. Rxc3 Qxd5 31. Qxe7 Qd1+ 32. Kg2 Qxa4 33.
Qxb7 Re8 34. Rf3 Qc4 35. Rf4 Qe6 36. Ra4 Qxe2 37. Rxa6 Qe4+ 38. Qxe4 Rxe4 39. h4
h5 40. Ra7 Kg7 1/2-1/2

[Event "Barcelona GM 2017"]
[Site "Barcelona ESP"]
[Date "2017.11.13"]
[Round "5.1"]
[White "Gledura, Benjamin"]
[Black "Fressinet, Laurent"]
[Result "1/2-1/2"]
[WhiteTitle "GM"]
[BlackTitle "GM"]
[WhiteElo "2605"]
[BlackElo "2667"]
[WhiteFideId "712779"]
[BlackFideId "608742"]
[EventDate "2017.11.09"]

1. e4 e5 2. Nf3 Nc6 3. Bc4 Bc5 4. d3 Nf6 5. O-O d6 6. c3 a6 7. a4 Ba7 8. Nbd2
O-O 9. h3 Ne7 10. Re1 Ng6 11. Nf1 c6 12. Bb3 d5 13. exd5 Nxd5 14. d4 exd4 15.
Nxd4 Be6 16. Ng3 Qc7 17. Ne4 Rae8 18. Bd2 Bb8 19. Ng3 Ndf4 20. Nxe6 fxe6 21. Be3
Nh4 22. Bxf4 Qxf4 23. Qd4 Qxd4 24. cxd4 Rf6 25. Re4 Bxg3 26. fxg3 Nf5 27. g4 Nd6
28. Re5 Nf7 29. Re3 Kf8 30. Rae1 Nd8 31. a5 Re7 32. d5 cxd5 33. Bxd5 h6 34. Be4
Rc7 35. Rb3 Rff7 36. Rb6 Rfd7 37. b4 Ke7 38. h4 Rd6 39. b5 Rc5 40. Bxb7 Rxb6 41.
axb6 Rxb5 42. Bxa6 Rxb6 43. Be2 Rb4 44. Bf3 Nf7 45. Kf2 g5 46. h5 Kf6 47. Ra1
Rb2+ 48. Ke3 Rb3+ 49. Kf2 Rb2+ 1/2-1/2

[Event "Barcelona GM 2017"]
[Site "Barcelona ESP"]
[Date "2017.11.13"]
[Round "5.2"]
[White "Gomez Garrido, Camilo Ernesto"]
[Black "Grigoryan, Karen H."]
[Result "1/2-1/2"]
[WhiteTitle "GM"]
[BlackTitle "GM"]
[WhiteElo "2524"]
[BlackElo "2584"]
[WhiteFideId "3507904"]
[BlackFideId "13301004"]
[EventDate "2017.11.09"]

1. e4 e5 2. Nf3 Nc6 3. Bb5 a6 4. Ba4 d6 5. Bxc6+ bxc6 6. d4 exd4 7. Nxd4 c5 8.
Nf3 Bb7 9. Nc3 Nf6 10. O-O Be7 11. Re1 O-O 12. Bf4 Re8 13. Qd3 Nh5 14. Bd2 Bf6
15. Rad1 Bxc3 16. Bxc3 Nf4 17. Qd2 Ng6 18. Qd3 Nf4 19. Qd2 Ng6 20. Qd3 Nf4 1/2-1/2

[Event "Barcelona GM 2017"]
[Site "Barcelona ESP"]
[Date "2017.11.13"]
[Round "5.3"]
[White "Peralta, Fernando"]
[Black "Alonso Rosell, Alvar"]
[Result "1/2-1/2"]
[WhiteTitle "GM"]
[BlackTitle "GM"]
[WhiteElo "2551"]
[BlackElo "2530"]
[WhiteFideId "105309"]
[BlackFideId "2270544"]
[EventDate "2017.11.09"]

1. d4 e6 2. c4 f5 3. g3 Nf6 4. Bg2 Bb4+ 5. Bd2 Bxd2+ 6. Qxd2 O-O 7. Nc3 d6 8.
Nf3 Qe8 9. O-O e5 10. dxe5 dxe5 11. Nd5 Ne4 12. Qa5 Nc6 13. Qa3 Rf7 14. Rfd1 Be6
15. b4 Bxd5 16. cxd5 Nd8 17. b5 Rd7 18. Bh3 g6 19. g4 Rg7 20. Qe3 Nf7 21. gxf5
gxf5+ 22. Kh1 Ned6 23. Rg1 Qxb5 24. Rxg7+ Kxg7 25. Rg1+ Kf8 26. Ng5 Qxd5+ 27.
Bg2 e4 28. Nxh7+ Ke7 29. Qc3 Qe5 30. Qxc7+ Ke6 31. Bh3 Rc8 32. Rg6+ Kd5 33. Qa5+
Rc5 34. Nf6+ Kc6 35. Qa4+ Rb5 36. e3 Qa1+ 37. Kg2 Ne5 38. Nxe4 Nxg6 39. Nxd6
Nh4+ 40. Kg3 Qg7+ 41. Kxh4 Qh6+ 42. Kg3 Qxd6+ 43. f4 Kb6 44. Qc2 Qg6+ 45. Kf2
Qf6 46. Kg3 Qg6+ 47. Kf2 Qc6 48. Qd2 Qd5 49. Qc2 a6 50. Bf1 Rc5 51. Qb2+ Ka7 52.
Bg2 Qf7 53. h4 b5 54. Bf3 Qd7 55. h5 a5 56. h6 b4 57. Qh8 Rc8 58. Qe5 Kb6 59. h7
Qxh7 60. Qd6+ Ka7 61. Qd4+ Ka6 62. Qd6+ Ka7 63. Qd4+ Ka6 64. Qd6+ Ka7 65. Qd4+
Ka6 66. Qd6+ 1/2-1/2

[Event "Barcelona GM 2017"]
[Site "Barcelona ESP"]
[Date "2017.11.13"]
[Round "5.4"]
[White "Vocaturo, Daniele"]
[Black "Munoz, Miguel"]
[Result "1/2-1/2"]
[WhiteTitle "GM"]
[BlackTitle "GM"]
[WhiteElo "2598"]
[BlackElo "2494"]
[WhiteFideId "813192"]
[BlackFideId "3800229"]
[EventDate "2017.11.09"]

1. Nf3 Nf6 2. c4 g6 3. Nc3 Bg7 4. e4 O-O 5. d4 c5 6. d5 d6 7. Bd3 Bg4 8. h3 Bxf3
9. Qxf3 e6 10. O-O exd5 11. exd5 Nbd7 12. Qd1 Ne8 13. Bd2 Ne5 14. Be2 f5 15. f4
Nf7 16. Kh2 Bd4 17. Bd3 Ng7 18. Qf3 Qf6 19. Rae1 a6 20. a4 Rae8 21. Rxe8 Rxe8
22. Re1 Rxe1 23. Bxe1 g5 24. g3 h5 25. Kh1 g4 26. hxg4 hxg4 27. Qe2 Qh6+ 28. Qh2
Qf6 29. a5 Qd8 30. Nd1 Qf6 31. b3 Qe7 32. Qe2 Qf6 33. Qh2 Qe7 34. Bd2 Qf6 35.
Kg2 Qe7 36. Kf1 Qf6 37. Be1 Nh8 38. Ke2 Ng6 39. Qh6 Kf7 40. Kf1 Qe7 41. Bd2 Qf6
42. Ke2 Qe7+ 43. Kf1 Qf6 44. Bb1 Qe7 45. Bc2 Qf6 46. Ke2 Qe7+ 47. Kf1 Qf6 48.
Bd3 Qe7 49. Be1 Qf6 50. Ke2 Qe7+ 51. Kd2 Bg1 52. Qh1 Bd4 53. Kc2 Qf6 54. Qh6 Qe7
55. Bd2 Qe8 56. Qh7 Nf8 57. Qh8 Ng6 58. Qxe8+ Kxe8 59. Ne3 Ne7 60. Kd1 Kd7 61.
Ke2 Kc7 62. Kf1 Kd7 63. Kg2 Kc7 64. Nc2 Bf6 65. Be1 Ne8 66. Kf1 Ng7 67. Kg2 Ne8
68. Kf2 Bb2 69. Ne3 Ng7 70. Ke2 Bd4 71. Nc2 Bb2 72. Ne3 Bd4 73. Nc2 Bb2 74. Ne3
Bd4 1/2-1/2